000 00787nam a2200229Ia 4500
003 GCL
008 140319s9999 xx 000 0 ara d
020 _a4014207977
040 _aGCL /
_cGCL
082 0 4 _aق
_b320.962
_bم ح
100 1 _aمكرم محمد احمد
245 1 0 _aحوار مع الرئيس /
_cمكرم محمد احمد
250 _aالاولى
260 _aالقاهرة :
_bدار الهلال للطباعة والنشر
300 _a490 ص ؛
_c24سم
650 0 4 _aطابا
650 0 4 _aمصر - تاريخ - العصر الحديث - حسنى مبارك ( 1981 - )
650 0 4 _aمصر - السياسة الخارجية
650 0 4 _aالحوارات الصحفية
650 0 4 _aاللقاءات التليفزيونية
942 _2ddc
_cBK
999 _c32183
_d32183